Authentic Indian designs : (Record no. 429)

MARC details
000 -LEADER
fixed length control field 00836cam a2200241 i 4500
005 - DATE AND TIME OF LATEST TRANSACTION
control field 20260322212019.0
008 - FIXED-LENGTH DATA ELEMENTS--GENERAL INFORMATION
fixed length control field data
010 ## - LIBRARY OF CONGRESS CONTROL NUMBER
LC control number 74017711 //r852
020 ## - INTERNATIONAL STANDARD BOOK NUMBER
International Standard Book Number 0486231704 :
020 ## - INTERNATIONAL STANDARD BOOK NUMBER
International Standard Book Number 9780486231709 :
043 ## - GEOGRAPHIC AREA CODE
Geographic area code n------
050 0# - LIBRARY OF CONGRESS CALL NUMBER
Classification number E98.A7
Item number A97
092 ## - LOCALLY ASSIGNED DEWEY CALL NUMBER (OCLC)
Classification number 745.4 A97 1975
001 - CONTROL NUMBER
control field data
245 00 - TITLE STATEMENT
Title Authentic Indian designs :
Remainder of title 2500 illustrations from Reports of the Bureau of American Ethnology /
Statement of responsibility, etc. edited by Maria Naylor & Smithsonian Institution.
260 ## - PUBLICATION, DISTRIBUTION, ETC.
Place of publication, distribution, etc. New York :
Name of publisher, distributor, etc. Dover Publications,
Date of publication, distribution, etc. c1975.
300 ## - PHYSICAL DESCRIPTION
Extent xxii, 219 p. :
Other physical details chiefly ill. ;
Dimensions 28 cm.
490 0# - SERIES STATEMENT
Series statement Dover pictorial archive series.
650 #0 - SUBJECT ADDED ENTRY--TOPICAL TERM
Topical term or geographic name entry element Indians of North America
General subdivision Art.
650 #0 - SUBJECT ADDED ENTRY--TOPICAL TERM
Topical term or geographic name entry element Decoration and ornament
Geographic subdivision North America.
700 1# - ADDED ENTRY--PERSONAL NAME
Personal name Naylor, Maria.
710 2# - ADDED ENTRY--CORPORATE NAME
Corporate name or jurisdiction name as entry element Smithsonian Institution.
Subordinate unit Bureau of American Ethnology.
Title of a work Annual report.
Holdings
Withdrawn status Lost status Damaged status Not for loan Home library Current library Shelving location Date acquired Total checkouts Full call number Barcode Date last seen Price effective from Koha item type
        Centerville Centerville General stacks 22/03/2026   E98.A7 A97 BC0010440 22/03/2026 22/03/2026 Books